<?xml version="1.0" encoding="UTF-8"?>
<collection xmlns="http://www.loc.gov/MARC21/slim">
  <record>
    <leader>00000nam  2200000   4500</leader>
    <controlfield tag="001">INLIS000000000050140</controlfield>
    <datafield tag="990" ind1="#" ind2="#">
      <subfield code="a">31700343</subfield>
    </datafield>
    <controlfield tag="005">20170420082857.0</controlfield>
    <datafield tag="990" ind1="#" ind2="#">
      <subfield code="a">31700344</subfield>
    </datafield>
    <controlfield tag="006"/>
    <controlfield tag="007"/>
    <controlfield tag="008">                                        </controlfield>
    <datafield tag="020" ind1="#" ind2="#">
      <subfield code="a">978 - 602 - 9251 01 - 2</subfield>
    </datafield>
    <datafield tag="035" ind1="#" ind2="#">
      <subfield code="0">010-041700000000330</subfield>
    </datafield>
    <datafield tag="040" ind1="#" ind2="#">
      <subfield code="a">NBPDMAT</subfield>
    </datafield>
    <datafield tag="082" ind1="#" ind2="#">
      <subfield code="a">398.209</subfield>
    </datafield>
    <datafield tag="090" ind1="#" ind2="#">
      <subfield code="a">398. 209 Pur p</subfield>
    </datafield>
    <datafield tag="100" ind1="#" ind2="#">
      <subfield code="a">Purwokartun, Nassirum</subfield>
    </datafield>
    <datafield tag="245" ind1="#" ind2="#">
      <subfield code="a">Penagsang :</subfield>
      <subfield code="b">Kidung Takhta Asmara /</subfield>
      <subfield code="c">Nassirum Purwokartun</subfield>
    </datafield>
    <datafield tag="250" ind1="#" ind2="#">
      <subfield code="a">Cet. 1</subfield>
    </datafield>
    <datafield tag="260" ind1="#" ind2="#">
      <subfield code="a">Solo :</subfield>
      <subfield code="b">Tiga Serangkai,</subfield>
      <subfield code="c">2011</subfield>
    </datafield>
    <datafield tag="300" ind1="#" ind2="#">
      <subfield code="a">xvi, 672 hlm. :</subfield>
      <subfield code="b">ilus. ;</subfield>
      <subfield code="c">21 cm.</subfield>
    </datafield>
    <datafield tag="650" ind1="#" ind2="#">
      <subfield code="a">Cerita Rakyat</subfield>
    </datafield>
  </record>
</collection>
